书目信息 |
| 题名: |
归来的幽灵
|
|
| 作者: | 艾伦·温宁顿(澳)威尔佛类德·贝却敌 著 ;崔勇列启羽 译 | |
| 分册: | ||
| 出版信息: | 北京 中国青年出版社 |
|
| 页数: | 189页 | |
| 开本: | 19cm | |
| 丛书名: | ||
| 单 册: | ||
| 中图分类: | K312.520.6 | |
| 科图分类: | ||
| 主题词: | 朝鲜--现代史--1950~1953 | |
| 电子资源: | ||
| ISBN: | 7-5006-0675-3 | |
| 000 | 00836nam0 2200217 45 | |
| 001 | 0504181678 | |
| 005 | 20050419170925.8 | |
| 010 | @a7-5006-0675-3@dCNY2.80 | |
| 100 | @a20050418d km y0chiy0120 ea | |
| 101 | 0 | @achi |
| 105 | @a z 000yy | |
| 200 | 1 | @a归来的幽灵@AGui Lai De You Ling@e朝鲜战争俘虏问题内幕@EChao Xian Zhan Zheng Fu Lu Wen Ti Nei Mu@f[英]艾伦·温宁顿 [澳] 威尔佛类德·贝却敌 著@F[Ying]Ai Lun·Wen Ning Dun[Ao]Wei Er Fo Lei De·Bei Que Di Zhu@g崔勇列 启羽 译 |
| 210 | @a北京@c中国青年出版社 | |
| 215 | @a189页@d19cm | |
| 517 | @a朝鲜战争俘虏问题内幕@AChao Xian Zhan Zheng Fu Lu Wen Ti Nei Mu | |
| 606 | 0 | @a朝鲜@x现代史@z1950~1953 |
| 690 | @aK312.520.6@v3 | |
| 701 | 0 | @a艾伦·温宁顿(澳)威尔佛类德·贝却敌@4著 |
| 702 | 0 | @a崔勇列启羽@4译 |
| 801 | @aCN@bTSTCL@c20050418 | |
| 905 | @f1@b241922@dK312.520.6@e3 | |
| 归来的幽灵:朝鲜战争俘虏问题内幕/[英]艾伦·温宁顿 [澳] 威尔佛类德·贝却敌 著/崔勇列 启羽 译.-北京:中国青年出版社 |
| 189页;19cm |
| ISBN 7-5006-0675-3:CNY2.80 |
| ● |
| 相关链接 |
|
|
|
|
正题名:归来的幽灵
索取号:K312.520.6/3
 
预约/预借
| 序号 | 登录号 | 条形码 | 馆藏地/架位号 | 状态 | 备注 |
| 1 | 0241922 | 002000435 | 第二借阅区/ [索取号:K312.520.6/3] | 在馆 | |
| 2 | 0241923 | 000358614 | 第二样本阅览室/ [索取号:K312.520.6/3] | 在馆 |